Teaching guide for senior high school media and information literacy : (Record no. 354937)
[ view plain ]
| 000 -LEADER | |
|---|---|
| fixed length control field | 00410nam a2200133Ia 4500 |
| 003 - CONTROL NUMBER IDENTIFIER | |
| control field | sisc |
| 005 - DATE AND TIME OF LATEST TRANSACTION | |
| control field | 20180206114559.0 |
| 008 - FIXED-LENGTH DATA ELEMENTS--GENERAL INFORMATION | |
| fixed length control field | 180205s9999 xx 000 0 und d |
| 100 ## - MAIN ENTRY--PERSONAL NAME | |
| Personal name | Pitagan, Ferdinand B. |
| 245 ## - TITLE STATEMENT | |
| Title | Teaching guide for senior high school media and information literacy : |
| Remainder of title | core subject |
| 260 ## - PUBLICATION, DISTRIBUTION, ETC. (IMPRINT) | |
| Place of publication, distribution, etc | Quezon City |
| Name of publisher, distributor, etc | Commision on higher education |
| Date of publication, distribution, etc | 2016 |
| 300 ## - PHYSICAL DESCRIPTION | |
| Extent | 191 pages |
| 942 ## - ADDED ENTRY ELEMENTS (KOHA) | |
| Source of classification or shelving scheme | Library of Congress Classification |
| Koha item type | Books |
| Withdrawn status | Lost status | Damaged status | Home library | Current library | Shelving location | Date acquired | Source of acquisition | Total Checkouts | Full call number | Barcode | Date last seen | Price effective from | Koha item type |
|---|---|---|---|---|---|---|---|---|---|---|---|---|---|
| College Library | College Library | Filipiniana Section | 02/05/2018 | Library Fund | ZA 3075 .P681 2016 | c21164 | 05/08/2018 | 02/05/2018 | Books |